Statistiques concernant Ballon d'or 2009

Cliquez ici pour prendre le quiz!

Statistiques générales

  • Ce quiz a été pris 125 fois
  • Le résultat moyen est 18 sur 29

Statistiques - réponses

RangJoueursNationalitéPoints% Correct
2Cristiano RonaldoPortugal233
100%
1Lionel MessiArgentine473
100%
4Andrés IniestaEspagne149
98%
3XaviEspagne17
98%
7Zlatan IbrahimovićSuède50
98%
5Samuel Eto'oCameroun75
95%
9Didier DrogbaCôte d'Ivoire33
94%
8Wayne RooneyAngleterre35
80%
6KakáBrésil58
79%
15Thierry HenryFrance9
78%
28Franck RibéryFrance1
77%
19Diego ForlánUruguay7
75%
Frank LampardAngleterre5
75%
13Edin DžekoBosnie-Herzégovine12
74%
10Steven GerrardAngleterre32
74%
26David VillaEspagne2
73%
14Ryan GiggsPays de Galles11
67%
Iker CasillasEspagne8
66%
Yaya TouréCôte d'Ivoire1
64%
11Fernando TorresEspagne22
61%
Nemanja VidićSerbie8
43%
12Cesc FàbregasEspagne13
40%
John TerryAngleterre2
29%
Júlio CésarBrésil5
24%
21Andreï ArchavineRussie5
15%
24Maicon DouglasBrésil4
14%
20Yoann GourcuffFrance6
11%
25DiegoBrésil3
4%
16Luís FabianoBrésil8
4%

Distribution des résultats

Percentile par nombre de réponses

% des personnes avec chaque résultat

Votre développement - résultats

Vous n’avez pas pris ce quiz